| 000 | 00818nam a22002777a 4500 | ||
|---|---|---|---|
| 003 | CHAP | ||
| 005 | 20220817043309.0 | ||
| 008 | 971013s1962 r 00010 d | ||
| 010 | _a71042 | ||
| 011 | _a72014 | ||
| 035 | _a81568 | ||
| 040 | _cCHAP | ||
| 090 | _aFolleto 64 | ||
| 100 | 0 | 0 |
_aGalbraith, John Kenneth. _944212 |
| 245 | _aPerspectiva del desarrollo económico | ||
| 260 |
_aMéxico, D.F. : _bCentro Regional de Ayuda Técnica, _c1962 |
||
| 300 | _a42 p. | ||
| 590 |
_aBATCH-UPD _b10 _c20130110 _lUCH01 _h1028 |
||
| 590 |
_aBATCH-UPD _b10 _c20130410 _lUCH01 _h0631 |
||
| 590 |
_aBATCH-UPD _b10 _c20130914 _lUCH01 _h1151 |
||
| 590 |
_aCONVERSION _b10 _c20130109 _lUCH01 _h1339 |
||
| 650 | 1 | 4 | _aDesarrollo económico. |
| 901 | _aBK | ||
| 942 | _cFOLL | ||
| 949 |
_aFolleto 64 _bBC _cFOLL _d-35016 _eTS1 _i81568 _si |
||
| 999 |
_c71042 _d71042 |
||